000 01194nam a2200265Ia 4500
999 _c53439
_d53439
001 20483
003 GE_BSU
005 20210102215349.0
008 181216s1976||||ge |||||||||||||| ||geo||
040 _cGE_BSU
041 _ageo
080 _a811.353.1-8(075.3) რ-21
100 _aრამიშვილი, ვ.
_99961
245 _aქართული ენა :
_bმე-3 კლ. სახელმძღვ. /
_cვ. რამიშვილი, თ. ჩერქეზიშვილი, შ. თაბუკაშვილი ; რედ. მ. ასათიანი.
250 _aმე-5 გამოცემა
264 _aთბილისი :
_bგანათლება,
_c1976.
300 _a222გვ. :
_bილ. ;
_c 22 სმ.
541 _h36 თ.
653 _aმე-3 კლასის სახელმძღვანელო
653 _aქართული ენა
700 _a ჩერქეზიშვილი, თ.
_eავტორი
_99962
700 _aთაბუკაშვილი, შ.
_eავტორი
_99963
700 _aასათიანი, მ.
_eრედაქტორი
_93078
942 _cBK
_2udc